The Heathen in his blindness..Asia, the west and the dynamic of religion (Record no. 20528)

MARC details
000 -LEADER
fixed length control field 00370nam a22001337a 4500
020 ## - INTERNATIONAL STANDARD BOOK NUMBER
ISBN 90-04-09943-3
082 ## - DEWEY DECIMAL CLASSIFICATION NUMBER
Classification number 200.9 BAL
100 ## - MAIN ENTRY--AUTHOR NAME
Author name Balagangadhara, S.N.
245 ## - TITLE STATEMENT
Title The Heathen in his blindness..Asia, the west and the dynamic of religion
260 ## - PUBLICATION, DISTRIBUTION, ETC. (IMPRINT)
Place of publication Leiden, Netherlands
Name of publisher E.J. Brill
Year of publication 1994
300 ## - PHYSICAL DESCRIPTION
Number of Pages 563
650 ## - SUBJECT ADDED ENTRY--TOPICAL TERM
Topical Term Religion-Histiriography
942 ## - ADDED ENTRY ELEMENTS (KOHA)
Koha item type Books
Holdings
Home library Current library Shelving location Date acquired Full call number Accession Number Koha item type
Henry Martyn Institute Library Henry Martyn Institute Library General stacks 11/22/2013 200.9 BAL 11002587 Books
                   Copyright © 2026 | Henry Martyn Institute | Hyderabad | TS-500052 | INDIA | Implemented by hmi.edu.in
Hit-Count:

Powered by Koha